[Event "XLIII C.to Italiano a squadre Master"]
[Site "Spoleto ITA"]
[Date "2011.04.28"]
[Round "2"]
[White "Borgo, Giulio"]
[Black "De Santis, Alessio"]
[Result "1-0"]
[WhiteElo "2401"]
[BlackElo "2295"]
[PlyCount "115"]
[EventDate "2011.04.28"]

1. e4 d6 2. d4 Nf6 3. Nd2 e5 4. c3 Be7 5. Ngf3 Nbd7 6. Bd3 O-O 7. O-O c6 8. Re1
Qc7 9. b3 Re8 10. Bb2 Nf8 11. h3 Ng6 12. Bf1 Bf8 13. g3 Bd7 14. Qc2 Rad8 15. c4
Bc8 16. a3 b6 17. b4 Nd7 18. Rac1 Bb7 19. Bg2 Qb8 20. Nf1 Rc8 21. dxe5 dxe5 22.
h4 Nf6 23. c5 bxc5 24. bxc5 Ba6 25. Rb1 Qc7 26. Ne3 Rcd8 27. Bf1 Bxf1 28. Rxf1
Nd7 29. h5 Nh8 30. Rfd1 Nxc5 31. Rxd8 Qxd8 32. Nxe5 Qg5 33. Kg2 Ne6 34. Qxc6
Nf4+ 35. Kf3 Re6 36. Qa8 Qxh5+ 37. N5g4 Nfg6 38. Nf5 Qh3 39. Bxg7 h5 40. Ngh6+
Kh7 41. Bxf8 Ne5+ 42. Ke2 Nc6 43. Bc5 Rxe4+ 44. Kd2 Rg4 45. Qxc6 Rg6 46. Qh1
Qxh1 47. Rxh1 Ra6 48. Rxh5 Kg6 49. g4 Re6 50. Ng8 f6 51. Rxh8 a5 52. Nge7+ Kg5
53. Be3+ Kxg4 54. Rh4+ Kf3 55. Nd4+ Kg2 56. Rg4+ Kh3 57. Rg3+ Kh4 58. Nef5+ 1-0

[Event "XLIII C.to Italiano a squadre Master"]
[Site "Spoleto ITA"]
[Date "2011.04.28"]
[Round "2"]
[White "Brunello, Sabino"]
[Black "Arlandi, Ennio"]
[Result "1/2-1/2"]
[WhiteElo "2533"]
[BlackElo "2425"]
[PlyCount "136"]
[EventDate "2011.04.28"]

1. d4 Nf6 2. c4 g6 3. Nc3 d5 4. Bf4 Bg7 5. e3 O-O 6. Rc1 c5 7. dxc5 Be6 8. Nf3
Nc6 9. Be2 Ne4 10. Nxe4 dxe4 11. Qxd8 Rfxd8 12. Ng5 Bxb2 13. Rc2 Bg7 14. Nxe6
fxe6 15. a3 Rac8 16. O-O Na5 17. Bg4 Rc6 18. f3 h5 19. Bh3 exf3 20. g4 e5 21.
Bg5 Bf6 22. Bxf6 Rxf6 23. g5 Ra6 24. Rxf3 Nb3 25. c6 Rxc6 26. Bg2 Nc5 27. Rf1
Rcd6 28. Rcf2 e4 29. Rf7 Re6 30. h4 b6 31. R7f4 Re5 32. Kh2 Re6 33. Bh3 Red6
34. Rf7 Re8 35. R7f4 Rd3 36. a4 Rxe3 37. Bg2 Re2 38. Kg1 a5 39. Rb1 Nxa4 40. c5
bxc5 41. Bf1 Rb2 42. Bc4+ Kh8 43. Rbf1 Rb4 44. Be6 Rbb8 45. Rxe4 Nc3 46. Re3
Nb5 47. Bd7 Nd6 48. Bxe8 Rxe8 49. Re5 Nf5 50. Rxc5 Ra8 51. Ra1 Nxh4 52. Rcxa5
Rxa5 53. Rxa5 Kg7 54. Kf2 Kf7 55. Kg3 Nf5+ 56. Kf4 Nd4 57. Re5 Ne6+ 58. Kg3 Nd8
59. Kf4 Ne6+ 60. Kg3 Nf8 61. Kf4 Nd7 62. Ra5 Ke8 63. Ra8+ Kf7 64. Ra5 Nf8 65.
Re5 Ke8 66. Ke4 Kd7 67. Rd5+ Ke6 68. Re5+ Kf7 1/2-1/2

[Event "XLIII C.to Italiano a squadre Master"]
[Site "Spoleto ITA"]
[Date "2011.04.28"]
[Round "2"]
[White "Bruno, Fabio"]
[Black "Collutiis, Duilio"]
[Result "1-0"]
[WhiteElo "2446"]
[BlackElo "2472"]
[PlyCount "68"]
[EventDate "2011.04.28"]

1. Nf3 Nf6 2. c4 g6 3. Nc3 Bg7 4. d4 O-O 5. Bf4 c5 6. d5 d6 7. e4 b5 8. cxb5 a6
9. a4 Nbd7 10. h3 Ne8 11. Be2 Nc7 12. O-O Bb7 13. Qd2 axb5 14. Bxb5 Ba6 15. Bh6
f6 16. Bxg7 Kxg7 17. Rab1 Bxb5 18. axb5 Nb6 19. Qe2 Qd7 20. b4 e6 21. bxc5 dxc5
22. dxe6 Nxe6 23. Rfd1 Qb7 24. Nd5 Rae8 25. Nxb6 Qxb6 26. Rd7+ Rf7 27. Rxf7+
Kxf7 28. Qc4 Kg7 29. Rd1 Re7 30. Rd5 Rb7 31. e5 Qxb5 32. exf6+ Kf7 33. Qh4 Kg8
34. Ng5 Qc6 1-0

[Event "XLIII C.to Italiano a squadre Master"]
[Site "Spoleto ITA"]
[Date "2011.04.28"]
[Round "2"]
[White "Codenotti, Marco"]
[Black "Bonafede, Alessandro"]
[Result "1-0"]
[WhiteElo "2262"]
[BlackElo "2389"]
[PlyCount "101"]
[EventDate "2011.04.28"]

1. e4 c5 2. Nf3 a6 3. c4 d6 4. d4 Bg4 5. dxc5 Bxf3 6. gxf3 Qa5+ 7. Nc3 Qxc5 8.
Nd5 Nd7 9. b4 Qc8 10. Qa4 Rb8 11. Be3 e6 12. Nb6 Qc6 13. Qxc6 bxc6 14. Nxd7
Kxd7 15. a3 Nf6 16. Rd1 Kc7 17. c5 Ra8 18. cxd6+ Bxd6 19. Rc1 Rhb8 20. Bd3 Be5
21. Rc5 Bd6 22. Ra5 Nd7 23. Ke2 Kb7 24. Rd1 Ne5 25. Bf4 Nxd3 26. Bxd6 Nb2 27.
Bxb8 Nxd1 28. Be5 f6 29. Ba1 Rd8 30. Rc5 Nxf2 31. Kxf2 Rd2+ 32. Kg3 Ra2 33. Bd4
e5 34. Bf2 Rxa3 35. Ra5 Rb3 36. Bc5 f5 37. Kg2 Rb2+ 38. Bf2 fxe4 39. fxe4 Rxb4
40. Rxe5 Kc8 41. Kf3 Rb7 42. Re8+ Kd7 43. Ra8 Rb3+ 44. Be3 c5 45. Rxa6 c4 46.
Rb6 Ra3 47. Rb7+ Kc6 48. Rxg7 c3 49. Rg2 Kb5 50. Rc2 Kc4 51. Bd2 1-0

[Event "XLIII C.to Italiano a squadre Master"]
[Site "Spoleto ITA"]
[Date "2011.04.28"]
[Round "2"]
[White "Contin, Daniel"]
[Black "Mantovani, Renzo"]
[Result "1/2-1/2"]
[WhiteElo "2316"]
[BlackElo "2343"]
[PlyCount "77"]
[EventDate "2011.04.28"]

1. c4 e6 2. Nf3 Nf6 3. g3 d5 4. b3 Be7 5. Bg2 O-O 6. O-O c5 7. e3 Nc6 8. Qe2 b6
9. Bb2 Bb7 10. Rd1 dxc4 11. bxc4 Qc7 12. Nc3 Rad8 13. Rab1 Rd7 14. Bh3 Rfd8 15.
Nb5 Qb8 16. d4 a6 17. Na3 cxd4 18. exd4 Bxa3 19. Bxa3 Nxd4 20. Nxd4 Rxd4 21.
Rxd4 Rxd4 22. Rxb6 Qc7 23. c5 h6 24. Bf1 Nd7 25. Rd6 Rxd6 26. cxd6 Qc6 27. f3
Qa4 28. Qe3 Qd1 29. Qd3 Qe1 30. Bb2 e5 31. Bc3 Qc1 32. Kf2 Qa3 33. Qd2 Qc5+ 34.
Ke1 Bxf3 35. Bxa6 Qg1+ 36. Bf1 Qc5 37. Qd3 Bc6 38. Qd2 Qb6 39. Bb4 1/2-1/2

[Event "XLIII C.to Italiano a squadre Master"]
[Site "Spoleto ITA"]
[Date "2011.04.28"]
[Round "2"]
[White "David, Alberto"]
[Black "Marin, Mihail"]
[Result "1-0"]
[WhiteElo "2592"]
[BlackElo "2555"]
[PlyCount "107"]
[EventDate "2011.04.28"]

1. e4 e5 2. Nf3 Nc6 3. Bb5 a6 4. Ba4 Nf6 5. d3 d6 6. c3 Be7 7. O-O O-O 8. Re1
Nd7 9. d4 Bf6 10. Bc2 Ne7 11. Nbd2 Nb6 12. h3 Ng6 13. Nf1 Nh4 14. N1h2 Nxf3+
15. Nxf3 Bd7 16. b3 c5 17. dxc5 dxc5 18. Qd6 Rc8 19. Nxe5 Bb5 20. Qxd8 Rcxd8
21. Bf4 Rfe8 22. a4 Bxe5 23. Bxe5 Rxe5 24. axb5 axb5 25. Ra7 Re7 26. Ra5 Rd2
27. Bd1 f5 28. Rxb5 Nd7 29. Rxb7 Rxe4 30. Kf1 Ne5 31. Bh5 h6 32. Rxe4 fxe4 33.
Re7 Nd3 34. Rxe4 Rxf2+ 35. Kg1 Rf6 36. Re8+ Kh7 37. Bf3 Nf4 38. Be4+ g6 39.
Re7+ Kg8 40. Kh2 Kf8 41. Re5 Rb6 42. Bc2 Rc6 43. g3 Nh5 44. Bxg6 Nxg3 45. Bd3
Rd6 46. Bc4 Rg6 47. Rxc5 Ke7 48. Re5+ Kd6 49. Ra5 Kc7 50. Ra7+ Kd8 51. Rf7 h5
52. Rf4 Kc7 53. Bd3 Rg7 54. h4 1-0

[Event "XLIII C.to Italiano a squadre Master"]
[Site "Spoleto ITA"]
[Date "2011.04.28"]
[Round "2"]
[White "Delizia, Costantino"]
[Black "Lucaroni, Massimiliano"]
[Result "1/2-1/2"]
[WhiteElo "2159"]
[BlackElo "2262"]
[PlyCount "59"]
[EventDate "2011.04.28"]

1. e4 e5 2. Nf3 Nc6 3. Bb5 Nf6 4. O-O Bc5 5. c3 O-O 6. d4 Bb6 7. dxe5 Nxe4 8.
Bd3 d5 9. exd6 Nxd6 10. Qc2 h6 11. Nbd2 Bg4 12. h3 Bh5 13. b3 Qf6 14. Bb2 Bg6
15. Bxg6 fxg6 16. Rae1 g5 17. Ne4 Qg6 18. Re2 g4 19. hxg4 Qxg4 20. Nxd6 Rxf3
21. Re4 Rf4 22. Rxf4 Qxf4 23. Nc4 Bc5 24. Bc1 Qf8 25. Be3 Re8 26. Rd1 Bxe3 27.
Nxe3 Ne5 28. Qe4 c6 29. Re1 Nd7 30. Qc4+ 1/2-1/2

[Event "XLIII C.to Italiano a squadre Master"]
[Site "Spoleto ITA"]
[Date "2011.04.28"]
[Round "2"]
[White "Genocchio, Daniele"]
[Black "De Filomeno, Simone"]
[Result "1-0"]
[WhiteElo "2433"]
[BlackElo "2259"]
[PlyCount "87"]
[EventDate "2011.04.28"]

1. d4 d5 2. Nf3 Nf6 3. c4 e6 4. e3 c5 5. Nc3 Nc6 6. a3 a6 7. cxd5 exd5 8. Be2
Bg4 9. O-O Be7 10. dxc5 Bxc5 11. b4 Ba7 12. b5 axb5 13. Nxb5 Bb8 14. Bb2 Ne4
15. Qc2 O-O 16. Rfd1 Bxf3 17. Bxf3 f5 18. g3 Ne5 19. Bxe5 Bxe5 20. Rac1 Qd7 21.
Qb3 Rad8 22. Nd4 Kh8 23. Bg2 Rfe8 24. Rc2 g6 25. Bf1 Qf7 26. Nf3 Bf6 27. Qb4
Qg7 28. Nd4 Qf7 29. Rdc1 Be5 30. Nf3 Bb8 31. Bb5 Rf8 32. Qd4+ Kg8 33. Ba4 Qe6
34. Bb3 f4 35. exf4 Bxf4 36. Re1 Rf7 37. Kg2 Bh6 38. Rxe4 Qxe4 39. Qxe4 dxe4
40. Ne5 Kg7 41. Nxf7 Rd3 42. Nxh6 Rxb3 43. Ng4 Rxa3 44. Rc7+ 1-0

[Event "XLIII C.to Italiano a squadre Master"]
[Site "Spoleto ITA"]
[Date "2011.04.28"]
[Round "2"]
[White "Godena, Michele"]
[Black "Pavasovic, Dusko"]
[Result "1/2-1/2"]
[WhiteElo "2526"]
[BlackElo "2578"]
[PlyCount "37"]
[EventDate "2011.04.28"]

1. e4 e5 2. Nf3 Nc6 3. Nc3 Nf6 4. d4 exd4 5. Nxd4 Bb4 6. Nxc6 bxc6 7. Bd3 d6 8.
O-O Ng4 9. h3 Ne5 10. f4 Bc5+ 11. Kh1 Nxd3 12. Qxd3 O-O 13. Na4 Bb6 14. Bd2 Qe8
15. Rae1 f6 16. c4 Be6 17. b3 Rd8 18. Bc3 c5 19. Nb2 1/2-1/2

[Event "XLIII C.to Italiano a squadre Master"]
[Site "Spoleto ITA"]
[Date "2011.04.28"]
[Round "2"]
[White "Lanzani, Mario"]
[Black "Ortega, Lexy"]
[Result "0-1"]
[WhiteElo "2373"]
[BlackElo "2471"]
[PlyCount "130"]
[EventDate "2011.04.28"]

1. e4 c5 2. Nf3 e6 3. d4 cxd4 4. Nxd4 a6 5. c4 Nf6 6. Nc3 Qc7 7. Be2 b6 8. f4
Bb7 9. e5 Ne4 10. Nxe4 Bxe4 11. O-O Nc6 12. Nb3 Nb4 13. Bd2 Bc2 14. Qe1 Nd3 15.
Qg3 Nc5 16. Nd4 Bg6 17. f5 exf5 18. Nxf5 Ne4 19. Qf3 Qxe5 20. Be3 Bc5 21. Bxc5
Qxc5+ 22. Kh1 Qxf5 23. Qxf5 Bxf5 24. Rxf5 Nc5 25. b4 Ne6 26. a4 Rb8 27. Rd1 Ke7
28. Rfd5 Rhd8 29. Rd6 a5 30. bxa5 bxa5 31. R6d5 Ra8 32. Bf3 Ra7 33. Rh5 h6 34.
Rb5 Rc8 35. Bd5 Nc5 36. Re1+ Kf8 37. Rf1 d6 38. Ra1 Re8 39. h3 h5 40. Rb6 Ra6
41. Rb5 g6 42. h4 Kg7 43. Kh2 Re3 44. Ra2 Rb3 45. Rf2 Ra7 46. Rxb3 Nxb3 47. Bc6
Rc7 48. Bb5 Re7 49. Rb2 Re3 50. Rf2 f5 51. Rf1 Kf6 52. Rd1 Ke7 53. Bc6 Nc5 54.
Rb1 Nb3 55. Rd1 Ke6 56. Be8 Re4 57. g3 Rxc4 58. Bxg6 Rxa4 59. Bxh5 Rd4 60. Re1+
Re4 61. Rb1 a4 62. Bd1 Re3 63. h5 Kf6 64. Bxb3 Rxb3 65. Rd1 Rb6 0-1

[Event "XLIII C.to Italiano a squadre Master"]
[Site "Spoleto ITA"]
[Date "2011.04.28"]
[Round "2"]
[White "Macieja, Bartlomiej"]
[Black "Salgado Lopez, Ivan"]
[Result "0-1"]
[WhiteElo "2619"]
[BlackElo "2630"]
[PlyCount "84"]
[EventDate "2011.04.28"]

1. e4 e5 2. Nf3 d6 3. d4 exd4 4. Nxd4 Nf6 5. Nc3 Be7 6. Be2 O-O 7. O-O Re8 8.
f4 Bf8 9. Bf3 c5 10. Nb3 Nc6 11. Re1 Bd7 12. Be3 Rb8 13. Bf2 b5 14. e5 dxe5 15.
Nxc5 exf4 16. N3e4 Nxe4 17. Rxe4 Rxe4 18. Nxd7 Re6 19. Nxb8 Qxb8 20. Qd2 Ne5
21. Qxf4 Rf6 22. Qe4 Nxf3+ 23. gxf3 Re6 24. Qd5 Rd6 25. Qe4 Re6 26. Qd5 Re2 27.
Qd3 Rxf2 28. Kxf2 Qxh2+ 29. Ke3 g6 30. Qxb5 Qxc2 31. f4 Bc5+ 32. Kf3 Qf2+ 33.
Ke4 Qd4+ 34. Kf3 Qe3+ 35. Kg2 Qf2+ 36. Kh3 Qf3+ 37. Kh2 Qxf4+ 38. Kh3 Qf5+ 39.
Kg2 Qg4+ 40. Kf1 Qg1+ 41. Ke2 Qxa1 42. Qxc5 Qxb2+ 0-1

[Event "XLIII C.to Italiano a squadre Master"]
[Site "Spoleto ITA"]
[Date "2011.04.28"]
[Round "2"]
[White "Malloni, Marcello"]
[Black "Saccone, Fabio"]
[Result "1-0"]
[WhiteElo "2284"]
[BlackElo "2308"]
[PlyCount "66"]
[EventDate "2011.04.28"]

1. e4 c5 2. Nf3 d6 3. d4 cxd4 4. Nxd4 Nf6 5. Nc3 Nc6 6. Bc4 Qb6 7. Ndb5 a6 8.
Be3 Qa5 9. Nd4 e6 10. O-O Be7 11. Bb3 O-O 12. f4 Bd7 13. Kh1 b5 14. Qf3 Qc7 15.
a3 Na5 16. Rad1 Rfe8 17. Ba2 Nc4 18. Bc1 Rac8 19. Nce2 Bf8 20. c3 g6 21. Ng3
Bg7 22. Qe2 Rcd8 23. Rfe1 Bc8 24. h3 Bb7 25. a4 e5 26. axb5 exd4 27. Qxc4 Qxc4
28. Bxc4 dxc3 29. bxa6 Nxe4 30. axb7 Nxg3+ 31. Kh2 cxb2 32. Bxb2 Ne4 33. Ba3
Rc8 1-0

[Event "XLIII C.to Italiano a squadre Master"]
[Site "Spoleto ITA"]
[Date "2011.04.28"]
[Round "2"]
[White "Rombaldoni, Axel"]
[Black "Brunello, Marina"]
[Result "1-0"]
[WhiteElo "2449"]
[BlackElo "2175"]
[PlyCount "85"]
[EventDate "2011.04.28"]

1. e4 c5 2. Nf3 d6 3. d4 cxd4 4. Nxd4 Nf6 5. Nc3 a6 6. Be3 e6 7. g3 Be7 8. Bg2
O-O 9. O-O Qc7 10. f4 Nc6 11. Nxc6 bxc6 12. Na4 Nd7 13. c4 Rb8 14. Qc2 c5 15.
b3 Bb7 16. Rad1 Bc6 17. Nc3 Rfd8 18. Rd2 Qb7 19. Rfd1 Rbc8 20. g4 Nf8 21. g5
Ng6 22. Rf1 Bf8 23. Qd1 Re8 24. Qg4 Rcd8 25. Rfd1 Qc7 26. h4 Bd7 27. Qg3 Ne7
28. Rxd6 Nf5 29. Rxd7 Rxd7 30. Rxd7 Qxd7 31. exf5 Qd3 32. Bf2 Qxg3 33. Bxg3
exf5 34. Kf2 f6 35. Nd5 fxg5 36. fxg5 Rd8 37. Bh3 Bd6 38. Bxd6 Rxd6 39. Bxf5 g6
40. Be4 Kf7 41. Ke3 Ke6 42. Nf4+ Kf7 43. Nd3 1-0

[Event "XLIII C.to Italiano a squadre Master"]
[Site "Spoleto ITA"]
[Date "2011.04.28"]
[Round "2"]
[White "Salvador, Roland"]
[Black "Olszewski, Michal"]
[Result "0-1"]
[WhiteElo "2532"]
[BlackElo "2542"]
[PlyCount "44"]
[EventDate "2011.04.28"]

1. c4 Nf6 2. g3 c6 3. Bg2 d5 4. Nf3 g6 5. b3 Bg7 6. Bb2 O-O 7. O-O Nbd7 8. Qc2
Re8 9. Ne5 Nxe5 10. Bxe5 d4 11. e3 Bf5 12. Qb2 dxe3 13. fxe3 Qd3 14. Rf4 Bh6
15. Bf1 Qd7 16. Rh4 Ng4 17. h3 Nxe5 18. Rxh6 Qd6 19. Bg2 Nf3+ 20. Kf2 Ne1 21.
Bf1 Nc2 22. d3 Bxd3 0-1

[Event "XLIII C.to Italiano a squadre Master"]
[Site "Spoleto ITA"]
[Date "2011.04.28"]
[Round "2"]
[White "Sbarra, Marco"]
[Black "Rombaldoni, Denis"]
[Result "0-1"]
[WhiteElo "2281"]
[BlackElo "2498"]
[PlyCount "84"]
[EventDate "2011.04.28"]

1. d4 Nf6 2. c4 e6 3. Nc3 Bb4 4. Qc2 O-O 5. a3 Bxc3+ 6. Qxc3 Ne4 7. Qc2 f5 8.
e3 b6 9. Ne2 Bb7 10. f3 Qh4+ 11. g3 Qe7 12. Bg2 Nf6 13. O-O c5 14. Nc3 Nc6 15.
Rd1 cxd4 16. exd4 Na5 17. b3 d5 18. cxd5 Nxd5 19. Bd2 Rfc8 20. Qb2 Nxc3 21.
Bxc3 Bd5 22. Bb4 Qb7 23. Rd3 Rc7 24. Bxa5 bxa5 25. Rc1 Rxc1+ 26. Qxc1 Bxb3 27.
Qb2 Rb8 28. f4 Qb6 29. Qc3 a4 30. Bf3 Qa6 31. Rd2 Rc8 32. Qb2 Qa5 33. Kf2 h6
34. h4 Rc3 35. Bg2 Qc7 36. Bf3 Kh7 37. Bg2 g5 38. hxg5 hxg5 39. fxg5 Qxg3+ 40.
Kg1 Bd5 41. Kf1 Qf4+ 42. Rf2 Bc4+ 0-1

[Event "XLIII C.to Italiano a squadre Master"]
[Site "Spoleto ITA"]
[Date "2011.04.28"]
[Round "2"]
[White "Shytaj, Luca"]
[Black "Georgiev, Kiril D."]
[Result "1/2-1/2"]
[WhiteElo "2475"]
[BlackElo "2666"]
[PlyCount "56"]
[EventDate "2011.04.28"]

1. e4 c5 2. Nf3 d6 3. d4 cxd4 4. Nxd4 Nf6 5. Nc3 g6 6. f3 Bg7 7. Be3 Nc6 8. Qd2
O-O 9. g4 Be6 10. O-O-O Nxd4 11. Bxd4 Qa5 12. Kb1 Rfc8 13. a3 Rab8 14. g5 Nh5
15. Nd5 Qxd2 16. Rxd2 Bxd5 17. exd5 a6 18. Bh3 Rc4 19. Bxg7 Kxg7 20. Re1 Kf8
21. Bg4 Ng7 22. Re4 Rc7 23. Rf4 Kg8 24. Re2 Re8 25. Rfe4 Kf8 26. Rf4 Kg8 27.
Rfe4 Kf8 28. Rf4 Kg8 1/2-1/2

[Event "XLIII C.to Italiano a squadre Master"]
[Site "Spoleto ITA"]
[Date "2011.04.28"]
[Round "2"]
[White "Vezzosi, Paolo"]
[Black "D'Amore, Carlo"]
[Result "1/2-1/2"]
[WhiteElo "2370"]
[BlackElo "2505"]
[PlyCount "80"]
[EventDate "2011.04.28"]

1. e4 e5 2. Nf3 Nc6 3. Bb5 Nf6 4. d3 Bc5 5. c3 O-O 6. O-O d6 7. b4 Bb6 8. Nbd2
a6 9. Bxc6 bxc6 10. Nc4 h6 11. Be3 Re8 12. Re1 Be6 13. Qa4 Bxe3 14. Rxe3 Bxc4
15. dxc4 Qd7 16. Qa5 c5 17. bxc5 Qc6 18. cxd6 cxd6 19. Nd2 Rab8 20. Qa3 Rec8
21. h3 Nd7 22. Rd3 Rb6 23. Rd1 Nc5 24. Rd5 Rcb8 25. f3 Ne6 26. c5 Nxc5 27. Nc4
Rb1 28. Nxd6 Rxd1+ 29. Rxd1 Rd8 30. Rd5 Ne6 31. Nf5 Qb6+ 32. Kh2 Rxd5 33. Ne7+
Kh7 34. Nxd5 Qf2 35. Qxa6 h5 36. a4 h4 37. Qb6 Nc5 38. a5 Qg3+ 39. Kg1 Qe1+ 40.
Kh2 Qg3+ 1/2-1/2

[Event "XLIII C.to Italiano a squadre Master"]
[Site "Spoleto ITA"]
[Date "2011.04.28"]
[Round "2"]
[White "Xia, Jie"]
[Black "Mascellani, Marco"]
[Result "0-1"]
[WhiteElo "2224"]
[BlackElo "2301"]
[PlyCount "80"]
[EventDate "2011.04.28"]

1. d4 d5 2. Nf3 Nf6 3. g3 e6 4. Bg2 c5 5. O-O Nc6 6. c4 dxc4 7. Qa4 Bd7 8. Qxc4
cxd4 9. Nxd4 Rc8 10. Nxc6 Bxc6 11. Bxc6+ Rxc6 12. Qb5 Qb6 13. Qxb6 Rxb6 14. Nc3
a6 15. b3 Rc6 16. Bb2 Bb4 17. Rac1 Ke7 18. a3 Bxc3 19. Bxc3 Rhc8 20. Bxf6+ Kxf6
21. Rxc6 Rxc6 22. Rb1 Ke5 23. e3 Ke4 24. Kg2 Rc3 25. a4 b5 26. axb5 axb5 27. h4
b4 28. h5 Kd3 29. Rd1+ Kc2 30. Rd7 Rxb3 31. Rxf7 Rc3 32. Rxg7 b3 33. Rb7 b2 34.
Rxb2+ Kxb2 35. g4 Kc2 36. Kg3 Kd3 37. Kf4 h6 38. e4 Rc5 39. f3 Rg5 40. Kg3 e5
0-1

[Event "XLIII C.to Italiano a squadre Master"]
[Site "Spoleto ITA"]
[Date "2011.04.29"]
[Round "4"]
[White "Aranovitch, Emiliano"]
[Black "Zimina, Olga"]
[Result "1/2-1/2"]
[WhiteElo "2333"]
[BlackElo "2346"]
[PlyCount "106"]
[EventDate "2011.04.28"]

1. e4 e5 2. Nf3 Nc6 3. Bb5 Nf6 4. O-O Nxe4 5. d4 Nd6 6. Bxc6 dxc6 7. dxe5 Nf5
8. Qxd8+ Kxd8 9. Nc3 Be6 10. Ng5 Ke7 11. Rd1 Rd8 12. Rxd8 Kxd8 13. Nxe6+ fxe6
14. Bg5+ Kc8 15. Rd1 Bb4 16. Ne4 h6 17. a3 Be7 18. Bxe7 Nxe7 19. Nc5 Re8 20.
Nxe6 Nf5 21. Nf4 Rxe5 22. Kf1 a5 23. Ne2 Nd6 24. b3 c5 25. Nc3 b6 26. Re1 Rh5
27. Re7 Nf5 28. Rf7 Nd4 29. Rxg7 Rxh2 30. Kg1 Rh5 31. f4 Rf5 32. g3 c4 33. bxc4
Rc5 34. Nd5 Rxc4 35. c3 Ne2+ 36. Kf2 Nxc3 37. Nxc3 Rxc3 38. f5 Rc5 39. g4 h5
40. Kg3 Rc3+ 41. Kh4 hxg4 42. Kxg4 Kd8 43. f6 Ke8 44. Kf5 Kf8 45. Rh7 b5 46.
Kg6 Rg3+ 47. Kf5 Rxa3 48. Rxc7 b4 49. Ra7 a4 50. Ra8+ Kf7 51. Ra7+ Kg8 52. Ra8+
Kf7 53. Ra7+ Kf8 1/2-1/2

[Event "XLIII C.to Italiano a squadre Master"]
[Site "Spoleto ITA"]
[Date "2011.04.29"]
[Round "4"]
[White "Bellini, Fabio"]
[Black "Malloni, Marcello"]
[Result "1-0"]
[WhiteElo "2500"]
[BlackElo "2284"]
[PlyCount "135"]
[EventDate "2011.04.28"]

1. e4 e5 2. Nf3 Nc6 3. Bb5 Nf6 4. d3 Bc5 5. Bxc6 dxc6 6. O-O Qe7 7. Nbd2 Bg4 8.
Nc4 Nd7 9. h3 Bh5 10. Be3 f6 11. Rb1 O-O 12. g4 Bf7 13. b3 Rad8 14. Qe2 Rfe8
15. Nh4 g6 16. Ng2 g5 17. h4 h6 18. Qf3 Be6 19. Bxc5 Nxc5 20. Nge3 Qg7 21. Nf5
Bxf5 22. gxf5 b6 23. Ne3 Kf7 24. Kg2 Nb7 25. Rh1 Nd6 26. a4 Ke7 27. Rbg1 Rh8
28. Kf1 Rdg8 29. Ke2 Qf8 30. Rg2 a5 31. Rgh2 Nf7 32. Ng4 h5 33. Ne3 g4 34. Qg3
Kd7 35. Rg2 Nh6 36. Rd1 Kc8 37. Nc4 Nf7 38. Rdg1 Nh6 39. Qe3 Kb7 40. Qd2 Nf7
41. f3 Nh6 42. Ne3 gxf3+ 43. Kxf3 Rxg2 44. Rxg2 Rg8 45. Qf2 Qf7 46. Qg1 Ng4 47.
Nxg4 hxg4+ 48. Rxg4 Qh5 49. Qg2 Rg7 50. Qh3 Rh7 51. Kg2 Qh6 52. Qf3 Qc1 53. Qf2
b5 54. Kh2 bxa4 55. bxa4 Qa3 56. Rg6 Qxa4 57. Rxf6 Qb4 58. Rg6 a4 59. f6 a3 60.
f7 a2 61. f8=Q Qxf8 62. Qxf8 a1=Q 63. Qb4+ Kc8 64. Qf8+ Kb7 65. Qf2 Qa2 66. Qc5
Qf7 67. Qxc6+ Kc8 68. Rg8+ 1-0

[Event "XLIII C.to Italiano a squadre Master"]
[Site "Spoleto ITA"]
[Date "2011.04.29"]
[Round "4"]
[White "Borgo, Giulio"]
[Black "Rombaldoni, Denis"]
[Result "1/2-1/2"]
[WhiteElo "2401"]
[BlackElo "2498"]
[PlyCount "85"]
[EventDate "2011.04.28"]

1. e4 c6 2. d4 d5 3. Nd2 dxe4 4. Nxe4 Nd7 5. c3 Ngf6 6. Nxf6+ Nxf6 7. Bc4 Qc7
8. Ne2 e6 9. Bf4 Bd6 10. Qd2 b6 11. O-O-O Bb7 12. f3 Nd5 13. Bxd6 Qxd6 14. Ng3
Qf4 15. Ne4 Qxd2+ 16. Rxd2 Ke7 17. Re1 Rac8 18. g3 Rhd8 19. f4 Kf8 20. Rf2 c5
21. dxc5 Nf6 22. Nxf6 gxf6 23. Rd2 Rxd2 24. Kxd2 Rxc5 25. Bd3 f5 26. b4 Rc8 27.
c4 Ke7 28. Re3 Kd6 29. Be2 Be4 30. Ra3 Rc7 31. Ke3 f6 32. Ra6 Kc6 33. Ra3 Kd6
34. Rc3 e5 35. Rc1 a5 36. bxa5 bxa5 37. Rc3 Kc5 38. Ra3 Ra7 39. Rb3 Rb7 40. Ra3
Kb4 41. Rb3+ Kc5 42. Ra3 Kb4 43. Rb3+ 1/2-1/2

[Event "XLIII C.to Italiano a squadre Master"]
[Site "Spoleto ITA"]
[Date "2011.04.29"]
[Round "4"]
[White "Braga, Fernando Alberto"]
[Black "Damia, Angelo"]
[Result "1-0"]
[WhiteElo "2447"]
[BlackElo "2334"]
[PlyCount "75"]
[EventDate "2011.04.28"]

1. Nf3 Nf6 2. c4 e6 3. g3 d5 4. Bg2 c6 5. b3 Nbd7 6. O-O Bd6 7. Bb2 O-O 8. Nc3
b6 9. Qc2 Bb7 10. d4 Rc8 11. e4 dxe4 12. Nxe4 Nxe4 13. Qxe4 Nf6 14. Qc2 h6 15.
Rad1 Qc7 16. Rfe1 Rfd8 17. c5 Bf8 18. a3 bxc5 19. dxc5 Rxd1 20. Rxd1 Rd8 21.
Bxf6 gxf6 22. b4 a5 23. Rxd8 Qxd8 24. Nd2 axb4 25. axb4 Qd4 26. Nc4 Ba6 27. Bf1
f5 28. Qd2 Qxd2 29. Nxd2 Bxf1 30. Kxf1 Bg7 31. Nc4 Kf8 32. Na5 Ke8 33. Nxc6 Kd7
34. b5 Bc3 35. Ke2 Kc7 36. f3 f6 37. Kd3 Be1 38. Nd4 1-0

[Event "XLIII C.to Italiano a squadre Master"]
[Site "Spoleto ITA"]
[Date "2011.04.29"]
[Round "4"]
[White "Bruno, Fabio"]
[Black "Sbarra, Marco"]
[Result "1-0"]
[WhiteElo "2446"]
[BlackElo "2281"]
[PlyCount "67"]
[EventDate "2011.04.28"]

1. Nf3 d5 2. d4 c5 3. e3 Nf6 4. c3 Nbd7 5. Ne5 Qc7 6. f4 g6 7. Bd3 Bg7 8. O-O
O-O 9. b3 b6 10. Bb2 Bb7 11. Nd2 Rad8 12. Qe2 Ne8 13. c4 cxd4 14. exd4 Nef6 15.
Rae1 Qd6 16. Kh1 e6 17. Qf2 Rc8 18. Re2 Rfe8 19. Rfe1 Qb4 20. a3 Qd6 21. Kg1
Qb8 22. Ndf3 dxc4 23. bxc4 Bxf3 24. Qxf3 Qd6 25. Re3 Nb8 26. Bc2 Red8 27. Ba4
a6 28. Bb3 Qc7 29. Kh1 b5 30. cxb5 Nd5 31. Nxf7 Nxe3 32. Nxd8 Rxd8 33. Qxe3
axb5 34. Qxe6+ 1-0

[Event "XLIII C.to Italiano a squadre Master"]
[Site "Spoleto ITA"]
[Date "2011.04.29"]
[Round "4"]
[White "Caprio, Guido"]
[Black "Georgiev, Kiril D."]
[Result "0-1"]
[WhiteElo "2299"]
[BlackElo "2666"]
[PlyCount "70"]
[EventDate "2011.04.28"]

1. e4 c6 2. d4 d5 3. Nd2 dxe4 4. Nxe4 Bf5 5. Ng3 Bg6 6. h4 h6 7. Nf3 Nd7 8. h5
Bh7 9. Bd3 Bxd3 10. Qxd3 Ngf6 11. Bf4 Qa5+ 12. Bd2 Qc7 13. O-O-O e6 14. Ne4 Bd6
15. Kb1 Bf4 16. Nxf6+ gxf6 17. Bxf4 Qxf4 18. Qa3 Nb6 19. Rh4 Qc7 20. g3 a6 21.
Rhh1 O-O-O 22. Qe3 Rd7 23. Nd2 Nd5 24. Qf3 f5 25. Nc4 Kb8 26. Ne5 Rdd8 27. Qa3
Rhe8 28. Rhe1 Nf6 29. Qe3 Rh8 30. Rh1 Ka8 31. a3 Rd5 32. Nd3 Ng4 33. Qf4 Qxf4
34. Nxf4 Nxf2 35. Nxd5 cxd5 0-1

[Event "XLIII C.to Italiano a squadre Master"]
[Site "Spoleto ITA"]
[Date "2011.04.29"]
[Round "4"]
[White "David, Alberto"]
[Black "Antoniewski, Rafal"]
[Result "1/2-1/2"]
[WhiteElo "2592"]
[BlackElo "2604"]
[PlyCount "33"]
[EventDate "2011.04.28"]

1. d4 Nf6 2. c4 g6 3. Nc3 Bg7 4. e4 d6 5. Nf3 O-O 6. Be2 Bg4 7. Be3 Nfd7 8. Rc1
c5 9. d5 Na6 10. O-O Nc7 11. h3 Bxf3 12. Bxf3 a6 13. a4 Re8 14. Qd2 Rb8 15. Be2
e6 16. Rfe1 Qe7 17. Bf1 1/2-1/2